[Event "Erfurt op-A 29th"]
[Site "Erfurt"]
[Date "2019.12.27"]
[Round "3"]
[White "Schmitt, Michael"]
[Black "Sobolevsky, Leonid"]
[Result "0-1"]
[WhiteElo "2025"]
[BlackElo "2178"]
[PlyCount "120"]
[EventDate "2019.12.26"]
[EventType "swiss"]
[EventRounds "8"]
[EventCountry "GER"]
[SourceTitle "CBM 194 Extra"]
[Source "ChessBase"]
[SourceDate "2020.03.31"]
[SourceVersion "1"]
[SourceVersionDate "2020.03.31"]
[SourceQuality "1"]

1. d4 Nf6 2. c4 e6 3. Nc3 Bb4 4. a3 Bxc3+ 5. bxc3 b6 6. e3 Nc6 7. Bd3 Na5 8. e4 d6 9. f4 Bb7 10. Qe2 e5 11. fxe5 dxe5 12. Nf3 Nb3 13. Rb1 Nxc1 14. Rxc1 exd4 15. cxd4 0-0 16. 0-0 Nxe4 17. Bxe4 Re8 18. Bxh7+ Kxh7 19. Qd3+ Be4 20. Qd2 Kg8 21. Rcd1 Qd6 22. Ne5 f6 23. Nf3 Qxa3 24. d5 Bxf3 25. Rxf3 Qc5+ 26. Kh1 Re4 27. Rdf1 Rae8 28. h3 Qd4 29. Rd3 Qxc4 30. Rc1 Qxc1+ 31. Qxc1 Re1+ 32. Qxe1 Rxe1+ 33. Kh2 Rc1 34. Kg3 Kf7 35. Kf4 Rc4+ 36. Ke3 Ke7 37. Ra3 a5 38. Kd3 Rc5 39. Ke4 Kd6 40. Rd3 g6 41. Rg3 g5 42. Rf3 Ke7 43. Kd4 a4 44. Re3+ Kd7 45. Rf3 Ke7 46. Re3+ Kf7 47. Ra3 Ra5 48. Rc3 Ra7 49. Ra3 Ke7 50. Re3+ Kd7 51. Ra3 Kd6 52. Kc4 Ra5 53. Rf3 a3 54. Rxf6+ Ke7 55. Rf1 a2 56. Ra1 Kd6 57. g3 Ra3 58. h4 gxh4 59. gxh4 Ra4+ 60. Kb5 Rxh4 0-1

[Event "Hannover Bezirks-ch A"]
[Site "Lehrte"]
[Date "2019.10.06"]
[Round "7.6"]
[White "Brockmeyer, Tobias"]
[Black "Schmitt, Michael"]
[Result "1/2-1/2"]
[WhiteElo "1917"]
[BlackElo "2013"]
[PlyCount "64"]
[EventDate "2019.10.03"]
[EventType "swiss"]
[EventRounds "7"]
[EventCountry "GER"]
[SourceTitle "EXT 2023"]
[Source "ChessBase"]
[SourceDate "2022.10.05"]
[SourceVersion "1"]
[SourceVersionDate "2022.10.05"]
[SourceQuality "1"]

1. d4 e6 2. c4 d5 3. Nc3 c5 4. cxd5 exd5 5. Nf3 Nc6 6. g3 Nf6 7. Bg2 Be7 8. 0-0 0-0 9. Bg5 cxd4 10. Nxd4 h6 11. Bf4 Bg4 12. Qd2 Rc8 13. Rfd1 Nxd4 14. Qxd4 Bc5 15. Qd3 Qb6 16. Be3 Bxe3 17. Qxe3 Qxb2 18. Nxd5 Nxd5 19. Bxd5 Qxe2 20. Qxe2 Bxe2 21. Bxb7 Bxd1 22. Bxc8 Rxc8 23. Rxd1 Rc2 24. Rd8+ Kh7 25. Rd7 Rxa2 26. Rxf7 a5 27. Ra7 Kg6 28. Kg2 Kf6 29. g4 a4 30. Kg3 Ra3+ 31. f3 Ra1 32. h4 g5 1/2-1/2

[Event "Karl Mala Memorial op-A 17th"]
[Site "Frankfurt"]
[Date "2014.08.01"]
[Round "2"]
[White "Krastev, Alexander"]
[Black "Schmitt, Michael"]
[Result "0-1"]
[WhiteElo "1590"]
[BlackElo "1999"]
[PlyCount "80"]
[EventDate "2014.07.31"]
[EventType "swiss"]
[EventRounds "7"]
[EventCountry "GER"]
[SourceTitle "EXT 2015"]
[Source "ChessBase"]
[SourceDate "2014.11.20"]
[SourceVersion "1"]
[SourceVersionDate "2014.11.20"]
[SourceQuality "1"]

1. e4 d6 2. Nf3 Nf6 3. Nc3 c6 4. d4 g6 5. Be2 Bg7 6. 0-0 0-0 7. h3 b5 8. a3 a6 9. Be3 Bb7 10. Qd2 Qc7 11. Bh6 c5 12. d5 b4 13. axb4 cxb4 14. Bxg7 Kxg7 15. Na4 a5 16. Bd3 Nbd7 17. Nd4 h6 18. f4 Nb6 19. f5 g5 20. Qf2 Nxa4 21. Rxa4 Rg8 22. Rfa1 Nd7 23. Nb3 Nc5 24. Rxa5 Rxa5 25. Nxa5 Ra8 26. Qd4+ f6 27. Qxb4 Bc8 28. Qe1 Nxd3 29. cxd3 Qb6+ 30. Qf2 Qb5 31. Qd2 Bd7 32. Nb3 Rb8 33. Ra3 Qb6+ 34. Kh2 h5 35. Qc3 Qe3 36. Nd2 g4 37. Nc4 Qf4+ 38. Kg1 gxh3 39. Qc2 Kf7 40. Qf2 h2+ 0-1

[Event "Hannover-chC"]
[Site "Lehrte"]
[Date "2013.10.18"]
[Round "4"]
[White "Fabregas, Oliver"]
[Black "Schmitt, Michael"]
[Result "1/2-1/2"]
[WhiteElo "1928"]
[BlackElo "2000"]
[PlyCount "96"]
[EventDate "2013.10.17"]
[EventType "swiss"]
[EventRounds "7"]
[EventCountry "GER"]
[SourceTitle "EXT 2021"]
[Source "ChessBase"]
[SourceDate "2020.10.23"]
[SourceVersion "1"]
[SourceVersionDate "2020.10.23"]
[SourceQuality "1"]

1. Nf3 c5 2. e4 Nc6 3. b3 d6 4. Bb5 Bd7 5. Bb2 e5 6. Nc3 Nf6 7. Bxc6 Bxc6 8. d3 Be7 9. Qd2 0-0 10. 0-0-0 b5 11. Rhg1 a5 12. g4 a4 13. h4 axb3 14. axb3 b4 15. Nb1 Ra2 16. g5 Nh5 17. Qe3 Qa5 18. Nfd2 Ra8 19. Nc4 Qc7 20. Qf3 g6 21. Ne3 Bf8 22. Ng4 R2a7 23. Nd2 Bg7 24. Nc4 Qe7 25. Nge3 Rb7 26. Kd2 Nf4 27. Ra1 Rba7 28. Qh1 Rxa1 29. Rxa1 Rxa1 30. Qxa1 h6 31. Qa6 Qd7 32. gxh6 Bxh6 33. Bxe5 dxe5 34. Nxe5 Bb7 35. Nxd7 Bxa6 36. Nxc5 Bc8 37. d4 Ng2 38. d5 Nxh4 39. d6 Nf3+ 40. Kd3 Ne5+ 41. Kd2 Nd7 42. Nd3 f6 43. Nxb4 Kf7 44. Nbd5 Ke6 45. Kd3 Bxe3 46. Kxe3 Kxd6 47. Kd4 f5 48. exf5 gxf5 1/2-1/2

[Event "Langenhagen-ch op"]
[Site "Langenhagen"]
[Date "2012.09.30"]
[Round "7"]
[White "Schmitt, Michael"]
[Black "Kiesel, Harald"]
[Result "0-1"]
[WhiteElo "1882"]
[BlackElo "2072"]
[PlyCount "100"]
[EventDate "2012.06.23"]
[EventType "swiss"]
[EventRounds "7"]
[EventCountry "GER"]
[SourceTitle "EXT 2021"]
[Source "ChessBase"]
[SourceDate "2020.10.23"]
[SourceVersion "1"]
[SourceVersionDate "2020.10.23"]
[SourceQuality "1"]

1. e4 e6 2. d4 d5 3. Nc3 Bb4 4. e5 c5 5. a3 Bxc3+ 6. bxc3 Ne7 7. Qg4 0-0 8. Bd3 f5 9. exf6 Rxf6 10. Bg5 Rf7 11. Qh5 g6 12. Qd1 Qa5 13. Qd2 c4 14. Be2 Nf5 15. Bf4 Nh4 16. Be5 Nxg2+ 17. Kf1 Nh4 18. Nh3 Nc6 19. Bg3 Nf5 20. Ng5 Re7 21. Nf3 Bd7 22. Be5 Rf8 23. Rg1 Be8 24. h4 Nxe5 25. Nxe5 Nd6 26. Rg4 Ne4 27. Rxe4 dxe4 28. Kg2 Bc6 29. Qe3 Bd5 30. Rh1 Rg7 31. Rh3 Qxa3 32. Nxc4 Qe7 33. Ne5 Qf6 34. c4 Bc6 35. Kg1 a5 36. Rh2 Qf4 37. Nxc6 Qxe3 38. fxe3 bxc6 39. Bg4 Rf6 40. c3 Rb7 41. Ra2 Ra7 42. Bh3 Rf3 43. Bxe6+ Kf8 44. Re2 a4 45. c5 a3 46. Ra2 Rxe3 47. c4 Rb7 48. Kf2 Rf3+ 49. Ke1 Rb1+ 50. Kd2 Rf2+ 0-1

[Event "Langenhagen-ch op"]
[Site "Langenhagen"]
[Date "2012.07.07"]
[Round "2"]
[White "Schmitt, Michael"]
[Black "Wittur, Helge"]
[Result "1/2-1/2"]
[WhiteElo "1882"]
[BlackElo "1890"]
[PlyCount "132"]
[EventDate "2012.06.23"]
[EventType "swiss"]
[EventRounds "7"]
[EventCountry "GER"]
[SourceTitle "EXT 2021"]
[Source "ChessBase"]
[SourceDate "2020.10.23"]
[SourceVersion "1"]
[SourceVersionDate "2020.10.23"]
[SourceQuality "1"]

1. e4 e5 2. f4 exf4 3. Nf3 f5 4. exf5 d6 5. d4 Bxf5 6. Bxf4 Qe7+ 7. Be2 Qe4 8. Nc3 Qxc2 9. Qxc2 Bxc2 10. Rc1 Bg6 11. Nd5 c6 12. Nc7+ Kd7 13. Nxa8 Kc8 14. Ng5 Nf6 15. 0-0 Nbd7 16. Ne6 Nd5 17. Bg3 Be7 18. Bf3 N7f6 19. Bh4 Kd7 20. Bxf6 Bxf6 21. Bxd5 cxd5 22. Rfe1 Be4 23. Nac7 Rc8 24. Red1 a6 25. Kf2 h5 26. g3 h4 27. gxh4 Bxh4+ 28. Ke3 Bf5 29. Rg1 Bxe6 30. Nxe6 Rxc1 31. Nf8+ Ke8 32. Rxc1 Bg5+ 33. Kd3 Bxc1 34. Ne6 g6 35. Nc7+ Kd7 36. Nxd5 Bxb2 37. Ke4 b5 38. h3 a5 39. Nf6+ Ke6 40. Nd5 b4 41. Nb6 Bc1 42. d5+ Ke7 43. Kd4 Kf6 44. Kc4 Be3 45. Nd7+ Kg5 46. Nf8 Kf5 47. Kb5 Bd2 48. Ne6 Ke4 49. Kc4 Kf3 50. Nd4+ Kg3 51. Nb3 Be1 52. Nxa5 Kxh3 53. Nb7 Bg3 54. Kxb4 g5 55. a4 g4 56. a5 Be1+ 57. Kb5 Bxa5 58. Kxa5 g3 59. Nxd6 g2 60. Kb5 g1Q 61. Kc6 Kg4 62. Nb7 Qc1+ 63. Nc5 Kf5 64. d6 Qh1+ 65. Kc7 Qd5 66. Nb7 Qxd6+ 1/2-1/2

[Event "Hessen-chB "]
[Site "Frankfurt"]
[Date "2000.04.21"]
[Round "10"]
[White "Leimeister, Erhard"]
[Black "Schmitt, Michael"]
[Result "1/2-1/2"]
[WhiteElo "2213"]
[BlackElo "2156"]
[PlyCount "25"]
[EventDate "2000.04.13"]
[EventType "swiss"]
[EventRounds "11"]
[EventCountry "GER"]
[SourceTitle "EXT 2001"]
[Source "ChessBase"]
[SourceDate "2000.11.22"]
[SourceVersion "1"]
[SourceVersionDate "2000.11.22"]
[SourceQuality "1"]

1. c4 Nf6 2. Nc3 c5 3. g3 g6 4. Bg2 Bg7 5. e3 e5 6. Nge2 0-0 7. 0-0 Nc6 8. d4 exd4 9. exd4 d6 10. h3 Nxd4 11. Nxd4 cxd4 12. Qxd4 Ng4 13. Qf4 1/2-1/2

[Event "Hessen-chB "]
[Site "Frankfurt"]
[Date "2000.04.20"]
[Round "9"]
[White "Schmitt, Michael"]
[Black "Zweschper, Erich"]
[Result "1-0"]
[WhiteElo "2156"]
[BlackElo "2131"]
[PlyCount "81"]
[EventDate "2000.04.13"]
[EventType "swiss"]
[EventRounds "11"]
[EventCountry "GER"]
[SourceTitle "EXT 2001"]
[Source "ChessBase"]
[SourceDate "2000.11.22"]
[SourceVersion "1"]
[SourceVersionDate "2000.11.22"]
[SourceQuality "1"]

1. c4 e5 2. g3 Nf6 3. Bg2 d5 4. cxd5 Nxd5 5. Nc3 Nb6 6. Nf3 Nc6 7. d3 Be7 8. a3 a5 9. 0-0 Be6 10. Be3 0-0 11. Na4 Nxa4 12. Qxa4 Bd5 13. Rac1 Re8 14. Bc5 Bxc5 15. Rxc5 Qd6 16. Rfc1 Rac8 17. Ng5 Bxg2 18. Kxg2 Re7 19. Qb3 Nd8 20. Rxa5 b6 21. Rb5 Qh6 22. h4 Rb8 23. Qc3 f6 24. Ne4 Ne6 25. e3 Qg6 26. Qb4 Qf7 27. Nc5 Nxc5 28. Rbxc5 Rd8 29. R5c3 Red7 30. Rc6 Rxd3 31. Rxc7 R3d7 32. Rxd7 Qxd7 33. Qxb6 Qd5+ 34. Kg1 Qd2 35. Qc7 h6 36. Qc4+ Kh8 37. b4 Qb2 38. a4 f5 39. b5 f4 40. exf4 exf4 41. Qxf4 1-0

[Event "Hessen-chB "]
[Site "Frankfurt"]
[Date "2000.04.17"]
[Round "6"]
[White "Fernandez Egea, Andres"]
[Black "Schmitt, Michael"]
[Result "0-1"]
[WhiteElo "2079"]
[BlackElo "2156"]
[PlyCount "78"]
[EventDate "2000.04.13"]
[EventType "swiss"]
[EventRounds "11"]
[EventCountry "GER"]
[SourceTitle "EXT 2001"]
[Source "ChessBase"]
[SourceDate "2000.11.22"]
[SourceVersion "1"]
[SourceVersionDate "2000.11.22"]
[SourceQuality "1"]

1. e4 d6 2. Bc4 Nf6 3. Nc3 c5 4. d4 cxd4 5. Qxd4 Nc6 6. Qd1 a6 7. a4 e6 8. Be2 Be7 9. Nf3 0-0 10. Nd4 Bd7 11. Be3 Nxd4 12. Bxd4 Bc6 13. f3 Qa5 14. Qd2 b5 15. 0-0 bxa4 16. b4 Qxb4 17. Rfb1 Qa5 18. Bb6 Qh5 19. Nxa4 d5 20. Nc5 dxe4 21. Nxe4 Nxe4 22. fxe4 Qe5 23. Ra5 Qxe4 24. Bd3 Qg4 25. h3 Qg3 26. Rb3 Qh4 27. Bf2 Qf6 28. c3 e5 29. Qe2 Bd6 30. Qg4 g6 31. c4 Qg7 32. c5 Bc7 33. Rxa6 Rxa6 34. Bxa6 e4 35. Bg3 Qa1+ 36. Bf1 f5 37. Qg5 f4 38. Bh4 Qd4+ 39. Kh1 f3 0-1

[Event "Hessen-chB "]
[Site "Frankfurt"]
[Date "2000.04.13"]
[Round "1"]
[White "Schmitt, Michael"]
[Black "Goeke, Bernd"]
[Result "0-1"]
[WhiteElo "2156"]
[BlackElo "2052"]
[PlyCount "82"]
[EventDate "2000.04.13"]
[EventType "swiss"]
[EventRounds "11"]
[EventCountry "GER"]
[SourceTitle "EXT 2001"]
[Source "ChessBase"]
[SourceDate "2000.11.22"]
[SourceVersion "1"]
[SourceVersionDate "2000.11.22"]
[SourceQuality "1"]

1. c4 e6 2. Nf3 Nf6 3. g3 c5 4. Bg2 Nc6 5. 0-0 Be7 6. d4 cxd4 7. Nxd4 a6 8. e4 Qc7 9. Be3 d6 10. Nc3 0-0 11. Rc1 Bd7 12. f4 Rac8 13. g4 Nxd4 14. Bxd4 Bc6 15. g5 Nd7 16. Be3 b6 17. Rf3 Rfd8 18. Rh3 Qb7 19. Qh5 Nf8 20. Rf1 f5 21. Bd4 g6 22. Qh6 e5 23. fxe5 dxe5 24. Bxe5 Bc5+ 25. Kh1 fxe4 26. Nd5 Rxd5 27. cxd5 Bxd5 28. Qh4 e3 29. Rhf3 e2 30. Re1 Bxf3 31. Qc4+ Qf7 32. Qxf7+ Kxf7 33. Bxf3 Ke6 34. Rxe2 Kf5 35. Bf6 Nd7 36. Bb7 Rf8 37. Bxa6 Nxf6 38. gxf6 Rxf6 39. Kg2 Rd6 40. Bd3+ Rxd3 41. Re8 Rd2+ 0-1

[Event "Bad Zwesten op 4th"]
[Site "Bad Zwesten"]
[Date "2000.01.05"]
[Round "1"]
[White "Turp, Hueseyin"]
[Black "Schmitt, Michael"]
[Result "0-1"]
[WhiteElo "1641"]
[BlackElo "2158"]
[PlyCount "88"]
[EventDate "2000.01.??"]
[EventType "swiss"]
[EventRounds "9"]
[EventCountry "GER"]
[SourceTitle "EXT 2001"]
[Source "ChessBase"]
[SourceDate "2000.11.22"]
[SourceVersion "1"]
[SourceVersionDate "2000.11.22"]
[SourceQuality "1"]

1. d4 Nf6 2. c4 c5 3. d5 e6 4. Nc3 exd5 5. cxd5 d6 6. e3 g6 7. g3 Bg7 8. Bg2 0-0 9. Nge2 a6 10. 0-0 b5 11. a3 Nbd7 12. Rb1 Bb7 13. Qc2 Rc8 14. Qd1 Re8 15. f3 b4 16. axb4 cxb4 17. Na2 Nxd5 18. e4 Qb6+ 19. Kh1 b3 20. Nac3 Nxc3 21. bxc3 Nc5 22. Nd4 a5 23. Nxb3 Ba6 24. Nd2 Qc7 25. c4 Nd3 26. Bh3 Rb8 27. Rxb8 Rxb8 28. Qc2 Nxc1 29. Rxc1 Rb2 30. Qd3 a4 31. Bf1 Qa5 32. Nb1 Qb6 33. Bg2 Rb3 34. Qf1 a3 35. Nd2 Rb2 36. Qd3 a2 37. f4 Qf2 38. e5 Rxd2 39. Qf3 dxe5 40. Qa8+ Bf8 41. fxe5 Qd4 42. e6 Rd1+ 43. Rxd1 Qxd1+ 44. Bf1 Qxf1# 0-1

[Event "Bad Zwesten op 4th"]
[Site "Bad Zwesten"]
[Date "2000.01.03"]
[Round "2"]
[White "Schmitt, Michael"]
[Black "Naiditsch, Arkadij"]
[Result "0-1"]
[WhiteElo "2158"]
[BlackElo "2417"]
[PlyCount "72"]
[EventDate "2000.01.??"]
[EventType "swiss"]
[EventRounds "9"]
[EventCountry "GER"]
[SourceTitle "EXT 2001"]
[Source "ChessBase"]
[SourceDate "2000.11.22"]
[SourceVersion "1"]
[SourceVersionDate "2000.11.22"]
[SourceQuality "1"]

1. c4 Nf6 2. g3 e6 3. Bg2 d5 4. d4 dxc4 5. Qa4+ Nbd7 6. Qxc4 c5 7. dxc5 Bxc5 8. Nf3 a6 9. a4 b6 10. Bg5 Bb7 11. 0-0 Rc8 12. Qb3 h6 13. Bxf6 Nxf6 14. Nc3 Qc7 15. Rac1 0-0 16. Nd2 Bxg2 17. Kxg2 Qb7+ 18. Kg1 Rfd8 19. Nc4 Ng4 20. h3 Nf6 21. Kh2 h5 22. Ne5 h4 23. Rcd1 Qc7 24. Nd3 Bxf2 25. Nxf2 hxg3+ 26. Kg1 gxf2+ 27. Rxf2 Qc5 28. Kf1 Nh5 29. Rf3 Rd4 30. Rxd4 Qxd4 31. Rd3 Qf4+ 32. Ke1 Qc1+ 33. Rd1 Qe3 34. Rd3 Qg1+ 35. Kd2 Nf4 36. Rd4 Qxd4+ 0-1